000 00969nas a2200313 4500
001 BR2015006489
003 BR-BrBNA
005 20231205125913.0
007 ta
008 230509b bl.|||p| |||| 00| 00por d
040 _aBR-BrBNA
_bpor
_cBiblioteca Nacional de Agricultura
041 _a(En)
072 _aH60
100 1 _aMatzenbacher, F.O.
100 1 _aKalsing, A.
100 1 _aDalazen, G.
100 1 _aMarkus, C.
100 1 _aMerotto Junior, A.
245 1 _aAntagonism is the predominant effect of herbicide mixtures used for imidazolinone-resistant barnyardgrass (Echinochloa crus-galli)control
650 _aARROZ IRRIGADO
650 _aHERBICIDA
650 _aSINERGISMO
650 _aCAPIM ARROZ
650 _aERVA DANINHA
650 _aCONTROLE QUÍMICO
773 0 _tPlanta Daninha (Brazil)
_xISSN 0100-8358
_g(Jul-Sep 2015), v. 33(3) p. 587-597
_wBR2015006489
909 _a202311
_bLúcia
_c55
_dLúcia Elande
942 _2AGRIS
_n0
_cANA
999 _c246806
_d246806